000 01204nam0a22003011 4500
001 rc\2758233
005 20250529151347.0
035 _a(NLR Aleph) 006884922
090 _a7086046
_c7086046
100 _a20110915d1940 |||y0rusy50 ca
101 0 _arus
102 _aRU
105 _aa z |||a|
200 1 _aУкрощение строптивой
_eКомедия в 5 актах
_fПер. М. А. Кузьмина [?]
_gРежиссер. комментарий заслуж. деятеля искусств А. Д. Попова и режиссера ЦТКА П. В. Урбановича
210 _aМосква
_aЛенинград
_cИскусство
_d1940
_eМосква
215 _a168 с.
_cил.
_d23 см.
225 1 _aРепертуар самодеятельного театра
320 _aБиблиогр.: с. 167
700 1 _aШекспир
_bВ.
_gВильям
702 1 _aПопов
_bА.Д.
_4212
702 1 _aУрбанович
_bП.В.
_4212
702 1 _aКузмин
_bМ.А.
_gМихаил Алексеевич
_4730
801 0 _aRU
_bNLR
_gpsbo
801 1 _aRU
_bELAR
_2rusmarc
852 _aNLR
_j40-4/59
852 _aNLR
_jИс70 В-5/7
942 _cBOOK
980 _aNB